প্রশান্ত দন / (Record no. 11011)
[ view plain ]
| 000 -LEADER | |
|---|---|
| fixed length control field | 00848nam a2200253 a 4500 |
| 001 - CONTROL NUMBER | |
| JCCL Control Number | 11011 |
| 003 - CONTROL NUMBER IDENTIFIER | |
| JCCL marc code | BD-JhCC |
| 005 - DATE AND TIME OF LATEST TRANSACTION | |
| control field | 20200213134007.0 |
| 008 - FIXED-LENGTH DATA ELEMENTS--GENERAL INFORMATION | |
| fixed length control field | 190623s2013 bg |||| |||| 000 0 BEN d |
| 020 ## - INTERNATIONAL STANDARD BOOK NUMBER | |
| International Standard Book Number | 9789849063056 |
| 035 ## - SYSTEM CONTROL NUMBER | |
| system control number | (BD-JhCC)11011 |
| 040 ## - CATALOGING SOURCE | |
| Original cataloging agency | BD-JhCC |
| Modifying agency | BD-JhCC |
| 041 ## - LANGUAGE CODE | |
| Language code of Book | BEN |
| 082 ## - DEWEY DECIMAL CLASSIFICATION NUMBER | |
| Classification number | 891.7342 |
| Author mark and Year | SHO 2013 |
| 100 ## - MAIN ENTRY--PERSONAL NAME | |
| Personal name | শোলখভ, মিখাইল |
| 245 ## - TITLE STATEMENT | |
| Title | প্রশান্ত দন / |
| Statement of responsibility, etc | মিখাইল শোলখভ; অরুণ সোম অনু. |
| 260 ## - PUBLICATION, DISTRIBUTION, ETC. (IMPRINT) | |
| Place of publication, distribution, etc | ঢাকা : |
| Name of publisher, distributor, etc | রোদেলা, |
| Date of publication, distribution, etc | ২০১৩. |
| 300 ## - PHYSICAL DESCRIPTION | |
| Pagination | ১-৩ খন্ড : |
| Dimensions | ২১ সেমি. |
| 650 ## - SUBJECT ADDED ENTRY--TOPICAL TERM | |
| Topical term or geographic name as entry element | Revolution Fiction. |
| General subdivision | History |
| Chronological subdivision | 1917-1921 |
| Geographic subdivision | Soviet Union |
| 650 ## - SUBJECT ADDED ENTRY--TOPICAL TERM | |
| Topical term or geographic name as entry element | World War (1914-1918) |
| 650 ## - SUBJECT ADDED ENTRY--TOPICAL TERM | |
| Topical term or geographic name as entry element | Historical fiction, |
| Geographic subdivision | Russian |
| 700 ## - ADDED ENTRY--PERSONAL NAME | |
| Personal name | সোম, অরুণ |
| 942 ## - ADDED ENTRY ELEMENTS (KOHA) | |
| Source of classification or shelving scheme | Dewey Decimal Classification |
| Koha item type | Books |
| Koha issues (borrowed), all copies | 2 |
| Source of classification or shelving scheme | volume number | Damaged status | Not for loan | Home library | Current library | Shelving location | Date of accession | Cost, normal purchase price | Total Checkouts | Full call number | Barcode | Date last seen | Date checked out | Copy number | Koha item type |
|---|---|---|---|---|---|---|---|---|---|---|---|---|---|---|---|
| Dewey Decimal Classification | V-1 | JCC Rouf Library | JCC Rouf Library | General Stacks | 06/23/2019 | 460.00 | 1 | 891.7342 SHO 2013 | 14916 | 03/27/2020 | 02/12/2020 | C-1 | Books | ||
| Dewey Decimal Classification | V-2 | JCC Rouf Library | JCC Rouf Library | General Stacks | 06/23/2019 | 440.00 | 891.7342 SHO 2013 | 15069 | 07/23/2019 | C-1 | Books | ||||
| Dewey Decimal Classification | V-3 | JCC Rouf Library | JCC Rouf Library | General Stacks | 06/23/2019 | 460.00 | 891.7342 SHO 2013 | 14925 | 07/23/2019 | C-1 | Books | ||||
| Dewey Decimal Classification | V-4 | JCC Rouf Library | JCC Rouf Library | General Stacks | 500.00 | 891.7342 SHO 2013 | 15070 | 07/25/2019 | C-4 | Books |